| 000 | 00828nas a2200277 4500 | ||
|---|---|---|---|
| 001 | BR7301906 | ||
| 003 | BR-BrBNA | ||
| 005 | 20231205082413.0 | ||
| 007 | ta | ||
| 008 | 230509b bl.|||p| |||| 00| 00por d | ||
| 040 |
_aBR-BrBNA _bpor _cBiblioteca Nacional de Agricultura |
||
| 041 | _a(Pt) | ||
| 072 | _aS10 | ||
| 100 | 1 | _aTango, J.S. | |
| 100 | 1 | _aCosta, S.I. da | |
| 100 | 1 | _aAntunes, A.J. | |
| 100 | 1 | _aFigueiredo, I.B. | |
| 245 | 1 | _aComposicao do fruto e do oleo de diferentes variedades de abacate cultivadas no Estado de Sao Paulo [Brasil] | |
| 650 | _aABACATE | ||
| 650 | _aOLEO | ||
| 650 | _aFRUTA | ||
| 650 | _aSAO PAULO | ||
| 773 | 0 |
_tColetanea do Instituto de Tecnologia de Alimentos (Brazil) _x _g(1969), v. 3 p. 283-292 _wBR7301906 |
|
| 909 |
_a202311 _bLúcia _c55 _dLúcia Elande |
||
| 942 |
_2AGRIS _n0 _cANA |
||
| 999 |
_c91505 _d91505 |
||